Consideraciones sísmicas en el diseño eléctrico de edificios

Spremljeno u:
Bibliografski detalji
Glavni autor: Vargas Cordero, Efren, 1972-
Daljnji autori: Trejos Dent, Roberto,1948- Director del TFG
Format: Knjiga
Izdano: San José, Costa Rica 1999
Teme:
Oznake: Dodaj oznaku
Bez oznaka, Budi prvi tko označuje ovaj zapis!

MARC

LEADER 00000nam a2200000Ia 4500
003 008655
005 20231117152946.0
008 140114s1999 cr a 000 ||s d
040 |c cru CEDI 
100 |a Vargas Cordero, Efren, 1972-  |9 756 
245 |a Consideraciones sísmicas en el diseño eléctrico de edificios  
260 |a  San José, Costa Rica  |c 1999 
300 |a x, 100 páginas : ilustraciones.  
500 |a  Tesis (licenciatura en ingeniería eléctrica)--Universidad de Costa Rica. Facultad de Ingeniería. Escuela de Ingeniería Eléctrica 
501 |a Director de Tesis de Graduación: Ing. Roberto Trejos Dent 
650 |x INSTALACIONES ELECTRICAS - EQUIPO ELECTRICO   |x CONSTRUCCIONES ANTISISMICAS  |9 8710 
700 |9 755  |a Trejos Dent, Roberto,1948-  |d Director del TFG  
942 |c TFG  |h TFG 3972  |k 008655  |6 TFG_3972_000000000000000 
999 |c 18502  |d 18502